Modern capitalism: (Record no. 21764)

MARC details
000 -LEADER
fixed length control field 00996cam a2200313 4500
001 - CONTROL NUMBER
control field 4167789
003 - CONTROL NUMBER IDENTIFIER
control field BDDh-ASL
005 - DATE AND TIME OF LATEST TRANSACTION
control field 20231015030035.0
008 - FIXED-LENGTH DATA ELEMENTS--GENERAL INFORMATION
fixed length control field 690722s1968 enk b 001 0 eng
010 ## - LIBRARY OF CONGRESS CONTROL NUMBER
LC control number 78397573
015 ## - NATIONAL BIBLIOGRAPHY NUMBER
National bibliography number B68-25554
020 ## - INTERNATIONAL STANDARD BOOK NUMBER
International Standard Book Number 0192870017
040 ## - CATALOGING SOURCE
Original cataloging agency DLC
Transcribing agency DLC
Modifying agency DLC
-- BDDh-ASL
050 00 - LIBRARY OF CONGRESS CALL NUMBER
Classification number HC59
Item number .S494 1969
082 00 - DEWEY DECIMAL CLASSIFICATION NUMBER
Classification number 330.15
Item number SHM
100 1# - MAIN ENTRY--PERSONAL NAME
Personal name Shonfield, Andrew,
Dates associated with a name 1917-1981.
245 10 - TITLE STATEMENT
Title Modern capitalism:
Remainder of title the changing balance of public and private power /
250 ## - EDITION STATEMENT
Edition statement [1st ed.] issued with corrections.
260 ## - PUBLICATION, DISTRIBUTION, ETC.
Place of publication, distribution, etc. London,
-- New York [etc.]
Name of publisher, distributor, etc. Oxford U.P.,
Date of publication, distribution, etc. 1969 [i.e. 1968]
300 ## - PHYSICAL DESCRIPTION
Extent xx, 456 p.
Dimensions 21 cm.
350 ## - PRICE (NR) (BK AM CF MU VM SE) [OBSOLETE]
Price 15/-
490 0# - SERIES STATEMENT
Series statement Oxford paperbacks on international affairs
500 ## - GENERAL NOTE
General note Includes two chapters on the United States.
504 ## - BIBLIOGRAPHY, ETC. NOTE
Bibliography, etc. note Bibliographical footnotes.
650 #0 - SUBJECT ADDED ENTRY--TOPICAL TERM
Topical term or geographic name entry element Economic history
Chronological subdivision 1945-1971.
650 #0 - SUBJECT ADDED ENTRY--TOPICAL TERM
Topical term or geographic name entry element Economic policy.
906 ## - LOCAL DATA ELEMENT F, LDF (RLIN)
a 7
b cbc
c orignew
d u
e ncip
f 19
g y-gencatlg
942 ## - ADDED ENTRY ELEMENTS (KOHA)
Source of classification or shelving scheme Dewey Decimal Classification
Koha item type Books
Holdings
Withdrawn status Lost status Source of classification or shelving scheme Damaged status Not for loan Collection code Home library Current library Shelving location Date acquired Source of acquisition Total Checkouts Full call number Barcode Date last seen Copy number Price effective from Koha item type Public note
    Dewey Decimal Classification     Non-fiction Asiatic Society Library Asiatic Society Library General Stacks 02/11/2021 ASB Collection   330.15 SHM 105696 02/11/2021 C-1 02/11/2021 Books RARE

Powered by Koha